[Event "POL-ch 57th"]
[Site "Plock"]
[Date "2000.05.10"]
[Round "13"]
[White "Kempinski, Robert"]
[Black "Blehm, Pawel"]
[Result "0-1"]
[WhiteElo "2528"]
[BlackElo "2494"]
[PlyCount "90"]
[EventDate "2000.04.28"]
[Source "ChessBase"]
[SourceDate "2000.10.18"]

1. d4 Nf6 2. c4 g6 3. Nc3 Bg7 4. Nf3 d6 5. Bg5 O-O 6. e3 Nbd7 7. Be2 c6 8. O-O h6 9. Bh4 e5 10. Qc2 Qe7 11. b4 b6 12. a4 g5 13. Bg3 c5 14. bxc5 bxc5 15. dxe5 dxe5 16. Nd2 Bb7 17. Rab1 Bc6 18. e4 Ne8 19. Nd5 Qd8 20. Ne3 Nd6 21. Rfd1 Re8 22. Nd5 Nf8 23. Nf3 Ng6 24. Rd2 Qa5 25. Nc3 Rad8 26. Rbd1 Nb7 27. h4 g4 28. Nh2 h5 29. f3 gxf3 30. Bxf3 Nf4 31. Nf1 Rd4 32. Ne3 Red8 33. Nf5 Bxa4 34. Qb2 Bxd1 35. Nxd4 Bxf3 36. Nxf3 Rxd2 37. Qxd2 Qxc3 38. Bxf4 exf4 39. Qd5 Qb2 40. e5 Qb6 41. Ng5 Nd8 42. Qd7 Bh6 43. Nxf7 Nxf7 44. e6 Ne5 45. Qe8+ Bf8 0-1

[Event "Memorial K.Tsiolkovsky (open)"]
[Site "Kaluga (Russia)"]
[Date "2007.08.06"]
[Round "4"]
[White "Korobkov Piotr (UKR)"]
[Black "Amonatov Farrukh (TJK)"]
[Result "0-1"]
[WhiteElo "2423"]
[BlackElo "2598"]
[PlyCount "86"]
[EventDate "2007.??.??"]
[Source "www.chesslib.no"]
[SourceDate "2004.05.04"]

1. d4 d6 2. Nf3 g6 3. c4 Bg7 4. Nc3 Nf6 5. Bg5 h6 6. Bh4 O-O 7. e3 c5 8. Be2 cxd4 9. Nxd4 Nc6 10. O-O Bd7 11. Rc1 a6 12. Nb3 b6 13. f3 Rc8 14. Nd5 g5 15. Bf2 b5 16. e4 bxc4 17. Bxc4 Nxd5 18. exd5 Ne5 19. Bxa6 Ra8 20. Qe2 Ng6 21. Bc4 Ne5 22. Nd4 Nxc4 23. Qxc4 Qa5 24. b4 Qxa2 25. Qxa2 Rxa2 26. Nc6 e6 27. dxe6 fxe6 28. b5 Rb2 29. b6 g4 30. Be3 Rb3 31. Kf2 d5 32. Rfd1 gxf3 33. gxf3 Rb2+ 34. Kg3 Kh7 35. Bd4 Bxd4 36. Rxd4 Rc8 37. Rb4 Rxb4 38. Nxb4 Rxc1 39. b7 Rg1+ 40. Kf4 Rg8 41. Na6 Bb5 42. b8=Q Rxb8 43. Nxb8 d4 0-1

[Event "BCF-ch"]
[Site "Plymouth"]
[Date "1992.??.??"]
[Round "6"]
[White "Mestel, A Jonathan"]
[Black "Hebden, Mark"]
[Result "1/2-1/2"]
[WhiteElo "2510"]
[BlackElo "2510"]
[PlyCount "74"]
[EventDate "1992.08.??"]
[Source "ChessBase"]

1. c4 g6 2. Nc3 Bg7 3. d4 d6 4. Nf3 Nf6 5. Bg5 c6 6. e3 a6 7. a3 b5 8. Be2 bxc4 9. Bxc4 Nbd7 10. O-O O-O 11. Rc1 c5 12. dxc5 Nxc5 13. b4 Ncd7 14. Bd5 Ra7 15. Nd4 Nb8 16. a4 Rc7 17. Qb3 e6 18. Bf3 h6 19. Bh4 g5 20. Bg3 e5 21. Nde2 Be6 22. Bd5 Nxd5 23. Nxd5 Nc6 24. e4 Bxd5 25. exd5 Ne7 26. f3 Rxc1 27. Rxc1 Qa8 28. b5 axb5 29. axb5 Qxd5 30. Qxd5 Nxd5 31. Rd1 Ne3 32. Rxd6 Rb8 33. Rd3 Nc4 34. Rb3 Bf8 35. Bf2 Nd2 36. Rb2 Nc4 37. Rb3 Nd2 1/2-1/2

[Event "XIX Czech Chladek & Tintera A Open"]
[Site "Pardubice CEC"]
[Date "2008.07.20"]
[Round "3"]
[White "Epishin, V."]
[Black "Klenburg, M."]
[Result "1/2-1/2"]
[WhiteElo "2574"]
[BlackElo "2445"]
[PlyCount "77"]
[EventDate "2008.07.18"]
[Source "www.chesslib.no"]
[SourceDate "2004.05.04"]

1. d4 d6 2. Nf3 Nf6 3. c4 g6 4. Nc3 Bg7 5. Bg5 Nbd7 6. e3 h6 7. Bh4 g5 8. Bg3 Nh5 9. Be2 Ndf6 10. Qc2 e6 11. O-O-O Qe7 12. Kb1 Nxg3 13. hxg3 Bd7 14. Ne1 O-O-O 15. Nd3 Kb8 16. c5 Bc6 17. Bf3 Bxf3 18. gxf3 dxc5 19. Nxc5 Nd7 20. Nxd7+ Qxd7 21. f4 gxf4 22. gxf4 h5 23. Ne4 b6 24. Rdg1 f5 25. Ng5 Rh6 26. Qc4 Bf8 27. Qe2 Qe8 28. Rh4 c5 29. Rgh1 cxd4 30. exd4 Rxd4 31. Rxh5 Rxh5 32. Qxh5 Qxh5 33. Rxh5 Bd6 34. Nxe6 Re4 35. Ng7 Re1+ 36. Kc2 Re2+ 37. Kb3 Rxf2 38. Rxf5 Rxf4 39. Rxf4 1/2-1/2

[Event "RUS-ch U20"]
[Site "Vladimir"]
[Date "2002.03.08"]
[Round "7"]
[White "Riazantsev, Alexander"]
[Black "Inarkiev, Ernesto"]
[Result "1-0"]
[WhiteElo "2511"]
[BlackElo "2500"]
[PlyCount "116"]
[EventDate "2002.03.01"]
[Source "ChessBase"]
[SourceDate "2002.05.03"]

1. d4 Nf6 2. c4 g6 3. Nc3 Bg7 4. Nf3 d6 5. Bg5 O-O 6. e3 a6 7. Be2 c5 8. O-O b6 9. d5 h6 10. Bh4 Ra7 11. h3 Re8 12. Bg3 e5 13. dxe6 Rxe6 14. Qb3 Nc6 15. Rad1 Ne7 16. Bh2 Rd7 17. Rd2 Bb7 18. Rfd1 Ne4 19. Nxe4 Bxe4 20. Ne1 Nc6 21. Bf3 Na5 22. Qa4 Bf8 23. b3 Qc7 24. Bxe4 Rxe4 25. Qa3 b5 26. Nd3 Nb7 27. Qxa6 b4 28. a3 bxa3 29. Qxa3 Rd8 30. Nf4 Qa5 31. Ra2 Qxa3 32. Rxa3 Rb8 33. Nd5 Kg7 34. Nc3 Ree8 35. Nb5 Ra8 36. Rda1 Rxa3 37. Rxa3 Kf6 38. Ra6 Rd8 39. e4 Ke7 40. Bg3 f6 41. Kf1 Rd7 42. Ke2 Ke6 43. f3 Nd8 44. Bf2 Kf7 45. Bg3 Ke6 46. Bf4 h5 47. Kd3 Nf7 48. Ra8 Be7 49. Bg3 Bd8 50. Kc2 f5 51. Nc3 Ne5 52. Bxe5 Kxe5 53. Kd3 fxe4+ 54. Nxe4 Kf4 55. Ke2 h4 56. Ra6 Be7 57. Kf2 Rb7 58. Nc3 Ke5 1-0

[Event "Bundesliga 9899"]
[Site "Germany"]
[Date "1999.02.21"]
[Round "11.6"]
[White "Naumann, Alexander"]
[Black "Watson, William N"]
[Result "0-1"]
[WhiteElo "2480"]
[BlackElo "2525"]
[PlyCount "80"]
[EventDate "1998.10.17"]
[Source "ChessBase"]
[SourceDate "1999.07.01"]

1. Nf3 d6 2. d4 g6 3. c4 Bg7 4. Nc3 Nf6 5. Bg5 c6 6. e3 Qa5 7. Bxf6 Bxf6 8. Be2 O-O 9. O-O Bg7 10. a3 Nd7 11. b4 Qd8 12. Qc2 e5 13. Rad1 f5 14. dxe5 dxe5 15. c5 Kh8 16. Nd2 Qe7 17. Nc4 e4 18. Rd6 Ne5 19. Rfd1 Be6 20. Na5 Rae8 21. b5 Qc7 22. Nb3 Nf7 23. R6d2 f4 24. Nd4 Ng5 25. Nxe6 Rxe6 26. Bc4 Re7 27. Rd6 fxe3 28. fxe3 Qa5 29. Ne2 cxb5 30. Bb3 Nf3+ 31. gxf3 exf3 32. Nf4 Rxe3 33. Qf2 Rxb3 34. Ne6 Rb2 35. R6d2 Rxd2 36. Rxd2 Qc3 37. Rc2 Qa1+ 38. Qf1 Bd4+ 39. Nxd4 Qxd4+ 40. Kh1 f2 0-1

[Event "ESP-chT"]
[Site "Barcelona"]
[Date "2000.08.12"]
[Round "8"]
[White "Sargissian, Gabriel"]
[Black "Conquest, Stuart"]
[Result "1-0"]
[WhiteElo "2474"]
[BlackElo "2529"]
[PlyCount "63"]
[EventDate "2000.08.05"]
[Source "ChessBase"]
[SourceDate "2000.09.14"]

1. d4 d6 2. Nf3 Nf6 3. c4 g6 4. Nc3 Bg7 5. Bg5 O-O 6. e3 c5 7. d5 b5 8. cxb5 a6 9. Nd2 Nbd7 10. e4 e6 11. dxe6 fxe6 12. Bc4 Ne5 13. O-O h6 14. Bh4 g5 15. Bg3 Nxc4 16. Nxc4 d5 17. exd5 axb5 18. Nxb5 exd5 19. Ncd6 Bd7 20. a4 Kh8 21. Qc2 Nh5 22. Qxc5 Bxb2 23. Rad1 Qf6 24. Nc7 Rxa4 25. Nxd5 Qg7 26. Nb6 Nxg3 27. hxg3 Rd4 28. Rb1 Rd2 29. Nxd7 Bd4 30. Qc6 Bxf2+ 31. Kh1 Rd8 32. Ne4 1-0

[Event "World Cities-ch 2nd"]
[Site "Shenyang"]
[Date "1999.10.08"]
[Round "9"]
[White "Juswanto, Denny"]
[Black "Irzhanov, Ruslan"]
[Result "1-0"]
[WhiteElo "2465"]
[BlackElo "2536"]
[PlyCount "83"]
[EventDate "1999.10.02"]
[Source "www.chesslib.no"]
[SourceDate "2004.05.04"]

1. d4 g6 2. c4 Bg7 3. Nc3 d6 4. Nf3 Nf6 5. Bg5 O-O 6. e3 Nbd7 7. Be2 c6 8. O-O Qc7 9. b4 e5 10. Rc1 Re8 11. Qb3 Nf8 12. d5 N8d7 13. Rfd1 c5 14. a3 h6 15. Bh4 Nh7 16. Nd2 f5 17. f3 a6 18. Qb1 b6 19. Nb3 Ndf6 20. Bf2 Bd7 21. Nd2 Rab8 22. Re1 h5 23. h3 Bh6 24. Bd3 Kh8 25. Qc2 Rg8 26. Rb1 Rbf8 27. a4 g5 28. bxc5 bxc5 29. Bxf5 g4 30. hxg4 hxg4 31. Kf1 gxf3 32. gxf3 Bxf5 33. Qxf5 Ng5 34. Ke2 Nfh7 35. Qd3 Qf7 36. Rh1 Nxf3 37. Rxh6 Nxd2 38. Kxd2 Qxf2+ 39. Ne2 Rf7 40. Rbh1 Rgg7 41. Rxd6 Rg8 42. Rxa6 1-0

[Event "Jugoslavija"]
[Site "?"]
[Date "1995.??.??"]
[Round "?"]
[White "Beim, V."]
[Black "Marjanovic, Slavo"]
[Result "1-0"]
[WhiteElo "2545"]
[BlackElo "2455"]
[PlyCount "79"]
[EventDate "1995.??.??"]
[Source "ChessBase"]
[SourceDate "1995.06.01"]

1. c4 g6 2. Nf3 Bg7 3. d4 d6 4. Nc3 Nf6 5. Bg5 O-O 6. e3 c6 7. Be2 a6 8. O-O b5 9. Nd2 Ra7 10. b4 a5 11. a3 bxc4 12. Nxc4 axb4 13. axb4 Rxa1 14. Qxa1 c5 15. Bxf6 Bxf6 16. bxc5 dxc5 17. Ne4 cxd4 18. Nxf6+ exf6 19. exd4 Re8 20. Ne3 f5 21. Bf3 f4 22. Nc4 Ba6 23. Rc1 Qe7 24. Ne5 Bb7 25. Bxb7 Qxb7 26. Qa2 Rd8 27. Qc4 Kg7 28. h3 Qd5 29. Qc7 Rf8 30. Qa7 h5 31. Rc7 Qe6 32. Qb7 g5 33. Re7 Qf5 34. f3 Kg8 35. d5 Qf6 36. d6 Qxd6 37. Nxf7 Qf6 38. Ne5 Na6 39. Qb3+ Kh8 40. Re6 1-0

[Event "Open"]
[Site "Skopje FRM"]
[Date "1998.12.14"]
[Round "3"]
[White "Dancevski, O."]
[Black "Spasov, V."]
[Result "0-1"]
[WhiteElo "2405"]
[BlackElo "2595"]
[PlyCount "66"]
[EventDate "1998.??.??"]
[Source "www.chesslib.no"]
[SourceDate "2004.05.04"]

1. d4 Nf6 2. Nf3 g6 3. c4 Bg7 4. Nc3 d6 5. Bg5 h6 6. Bh4 g5 7. Bg3 Nh5 8. e3 e6 9. Be2 Nd7 10. Nd2 Nxg3 11. hxg3 O-O 12. g4 f5 13. gxf5 exf5 14. Qc2 Nf6 15. O-O-O Ng4 16. Rdf1 c6 17. Qd3 Qe7 18. Bd1 Bd7 19. Bc2 Rae8 20. Ne2 c5 21. Ng3 d5 22. cxd5 cxd4 23. exd4 Qb4 24. Nc4 Rc8 25. b3 b5 26. Ne3 Rc3 27. Qd2 Rfc8 28. Kd1 f4 29. Nxg4 Bxg4+ 30. f3 Qa3 31. Bg6 Rc1+ 32. Ke2 Qe7+ 33. Kd3 R8c3+ 0-1

[Event "SUI-chT"]
[Site "SUI"]
[Date "1995.??.??"]
[Round "1"]
[White "Siegel, Georg"]
[Black "Gallagher, Joseph G"]
[Result "1/2-1/2"]
[WhiteElo "2480"]
[BlackElo "2515"]
[PlyCount "84"]
[EventDate "1995.??.??"]
[Source "ChessBase"]

1. d4 Nf6 2. Nf3 g6 3. c4 Bg7 4. Nc3 d6 5. Bg5 h6 6. Bh4 g5 7. Bg3 Nh5 8. e3 c5 9. d5 Qa5 10. Nd2 Nxg3 11. hxg3 Bxc3 12. bxc3 Qxc3 13. Rb1 Nd7 14. Be2 Nb6 15. Rb3 Qg7 16. Qb1 Bd7 17. Ra3 O-O 18. e4 f5 19. exf5 Bxf5 20. Qc1 Nd7 21. O-O Ne5 22. Nf3 Ng4 23. Nh2 Nf6 24. Re1 a6 25. Re3 b5 26. cxb5 axb5 27. Bxb5 Rxa2 28. Rxe7 Rf7 29. R7e3 Rb7 30. Bd3 Bxd3 31. Rxd3 Re7 32. Rf3 Rae2 33. Rxe2 Rxe2 34. Qa1 Re5 35. Nf1 Nxd5 36. Qa6 Qe7 37. Rb3 Nb4 38. Qc8+ Qe8 39. Qc7 Qe7 40. Qc8+ Qe8 41. Qc7 Qc6 42. Qa7 Qe8 1/2-1/2

[Event "Tastrup"]
[Site "Tastrup"]
[Date "1992.??.??"]
[Round "?"]
[White "Nielsen, Peter Heine"]
[Black "Wahls, Matthias"]
[Result "0-1"]
[WhiteElo "2420"]
[BlackElo "2570"]
[PlyCount "80"]
[EventDate "1992.02.??"]
[Source "ChessBase"]

1. d4 d6 2. Nf3 Nf6 3. c4 g6 4. Nc3 Bg7 5. Bg5 O-O 6. e3 h6 7. Bh4 c5 8. Be2 cxd4 9. Nxd4 Nc6 10. O-O Bd7 11. Qd2 Rc8 12. Rac1 Re8 13. Rfd1 Ne5 14. b3 a6 15. Kh1 Nc6 16. Bf3 Kf8 17. Nxc6 Bxc6 18. Bxc6 Rxc6 19. e4 g5 20. Bg3 Nh5 21. Nd5 Qc8 22. Nb4 Rc7 23. Nd5 Rc6 24. Nb4 Rc5 25. Nd3 Rc7 26. Qe3 Qg4 27. c5 Nxg3+ 28. hxg3 dxc5 29. Nxc5 Rec8 30. Nd3 Kg8 31. e5 e6 32. Kh2 Rc2 33. f3 Qf5 34. g4 Qg6 35. Rxc2 Rxc2 36. Rd2 Rc8 37. Nc5 Qb1 38. Nd7 Qa1 39. Rd4 Rd8 40. Qd3 Bxe5+ 0-1

[Event "Zaragoza"]
[Site "?"]
[Date "2002.04.20"]
[Round "?"]
[White "Gil Capape Javier"]
[Black "Damljanovic Branko"]
[Result "0-1"]
[WhiteElo "2435"]
[BlackElo "2548"]
[PlyCount "104"]
[EventDate "2002.??.??"]
[Source "www.chesslib.no"]
[SourceDate "2004.05.04"]

1. d4 Nf6 2. c4 d6 3. Nf3 g6 4. Nc3 Bg7 5. Bg5 h6 6. Bh4 g5 7. Bg3 Nh5 8. e3 c5 9. dxc5 Nxg3 10. hxg3 dxc5 11. Qc2 Nc6 12. a3 Qa5 13. Rd1 Bd7 14. Be2 Bxc3+ 15. bxc3 O-O-O 16. Nd2 Qc7 17. Rb1 Na5 18. e4 e6 19. Nf1 Bc6 20. g4 Qe5 21. f3 f5 22. exf5 Nxc4 23. Qa2 Qxc3+ 24. Kf2 Qd4+ 25. Kg3 Qf4+ 26. Kf2 Qd4+ 27. Kg3 Bd5 28. Bxc4 Bxc4 29. Qb2 Qxb2 30. Rxb2 Bxf1 31. Rxf1 exf5 32. gxf5 Rhf8 33. Kg4 Rd4+ 34. Kh5 Rxf5 35. Kxh6 c4 36. a4 Rc5 37. Rb5 Rd6+ 38. Kh5 Rxb5 39. axb5 Rd5 40. Rc1 Rc5 41. g3 Kc7 42. Kg6 Kb6 43. f4 gxf4 44. gxf4 c3 45. f5 Kxb5 46. f6 Kc4 47. f7 Rc6+ 48. Kf5 Rc8 49. Re1 Rf8 50. Re7 b5 51. Rxa7 Kb3 52. Rb7 b4 0-1

[Event "Extraliga 2004/05"]
[Site "?"]
[Date "2005.03.19"]
[Round "8"]
[White "Lechtynsky Jiri"]
[Black "Mista Aleksander"]
[Result "1-0"]
[WhiteElo "2487"]
[BlackElo "2495"]
[PlyCount "89"]
[EventDate "2005.??.??"]
[Source "www.chesslib.no"]
[SourceDate "2004.05.04"]

1. Nf3 Nf6 2. c4 g6 3. Nc3 Bg7 4. d4 d6 5. Bg5 h6 6. Bh4 g5 7. Bg3 Nh5 8. e3 c5 9. dxc5 Nxg3 10. hxg3 dxc5 11. Qc2 Nc6 12. a3 Qa5 13. Rc1 Be6 14. Be2 Rd8 15. O-O O-O 16. Nd2 Bxc3 17. Nb3 Qc7 18. Qxc3 b6 19. f4 f5 20. Rcd1 g4 21. Kf2 Rf6 22. Nd2 Bf7 23. Nb1 Rfd6 24. Qc2 Rxd1 25. Rxd1 Rxd1 26. Qxd1 Na5 27. Nc3 Nb7 28. Nb5 Qc6 29. Nxa7 Qf6 30. Qc2 Nd6 31. Bd3 Be8 32. Nb5 Bxb5 33. cxb5 h5 34. a4 h4 35. Qc3 Qh6 36. Qe5 h3 37. gxh3 gxh3 38. Qd5+ Kf8 39. Kg1 Qh5 40. Kh2 Qd1 41. Kxh3 Ne4 42. Qd8+ Kg7 43. Qxe7+ Kg6 44. Bxe4 Qh5+ 45. Qh4 1-0

[Event "EU-ch 2nd"]
[Site "Ohrid"]
[Date "2001.06.03"]
[Round "3"]
[White "Dancevski, Orce"]
[Black "Socko, Bartosz"]
[Result "0-1"]
[WhiteElo "2428"]
[BlackElo "2554"]
[PlyCount "144"]
[EventDate "2001.06.01"]
[Source "ChessBase"]
[SourceDate "2001.09.13"]

1. d4 Nf6 2. Nf3 g6 3. c4 Bg7 4. Nc3 d6 5. Bg5 h6 6. Bh4 g5 7. Bg3 Nh5 8. e3 e6 9. Be2 Qe7 10. Qc2 Nd7 11. Nd2 Nxg3 12. hxg3 f5 13. Bh5+ Kf8 14. Be2 Nf6 15. O-O-O Bd7 16. f4 Kg8 17. e4 fxe4 18. Ndxe4 gxf4 19. gxf4 Rf8 20. Rhf1 Bc6 21. Kb1 Qe8 22. g4 Nxe4 23. Nxe4 Ba4 24. b3 Bd7 25. g5 Qe7 26. Qd3 hxg5 27. fxg5 Rh4 28. Rxf8+ Kxf8 29. Qg3 Rh8 30. Nf6 Bxf6 31. gxf6 Qf7 32. Qg5 Be8 33. Bd3 Qg8 34. Qf4 Bg6 35. Kb2 Rh3 36. Bxg6 Qxg6 37. c5 Qh5 38. Rd2 Qh6 39. Qxh6+ Rxh6 40. cxd6 cxd6 41. Rc2 Rxf6 42. Rc8+ Kg7 43. Rd8 d5 44. Re8 Kg6 45. Re7 Kf5 46. Rxb7 Ke4 47. Rxa7 Kxd4 48. a4 e5 49. Re7 e4 50. a5 e3 51. b4 Rf2+ 52. Kb3 e2 53. a6 Rf3+ 54. Kc2 Re3 55. Rxe3 Kxe3 56. a7 d4 57. a8=Q d3+ 58. Kb3 e1=Q 59. Qa7+ Kd2 60. Qa2+ Ke3 61. Qa7+ Ke2 62. Qe7+ Kd1 63. Qc5 Qg3 64. Qh5+ Ke1 65. Qe8+ Kd2 66. b5 Qe1 67. Qg6 Qb1+ 68. Kc4 Qc2+ 69. Kd4 Qc3+ 70. Kd5 Kc1 71. Qg1+ Kc2 72. Qg6 Kb2 0-1

[Event "Osterskan Open"]
[Site "Osterskan"]
[Date "1994.??.??"]
[Round "?"]
[White "Sjoberg, Mats"]
[Black "Kveinys, Aloyzas"]
[Result "1-0"]
[WhiteElo "2460"]
[BlackElo "2520"]
[PlyCount "61"]
[EventDate "1994.??.??"]
[Source "www.chesslib.no"]
[SourceDate "2004.05.04"]

1. d4 Nf6 2. c4 d6 3. Nf3 g6 4. Nc3 Bg7 5. Bg5 O-O 6. e3 Nc6 7. Be2 h6 8. Bh4 Nd7 9. d5 Na5 10. Rc1 c5 11. Nd2 a6 12. f4 Rb8 13. b3 Nf6 14. O-O b5 15. e4 bxc4 16. bxc4 Qc7 17. e5 Ne8 18. e6 fxe6 19. Qc2 Bxc3 20. Qxg6+ Bg7 21. Bd3 Nf6 22. Ne4 Rf7 23. Rce1 Nxe4 24. Bxe4 exd5 25. Bxd5 e6 26. f5 exd5 27. Re8+ Rf8 28. Rxf8+ Kxf8 29. f6 Bh8 30. f7 Bg7 31. Bf6 1-0

[Event "IM, Le Touquet FRA"]
[Site "?"]
[Date "2001.??.??"]
[Round "8"]
[White "Inkiov, V."]
[Black "Gurevich, Vl"]
[Result "1/2-1/2"]
[WhiteElo "2500"]
[BlackElo "2480"]
[PlyCount "39"]
[EventDate "2001.??.??"]
[Source "www.chesslib.no"]
[SourceDate "2004.05.04"]

1. d4 Nf6 2. c4 g6 3. Nc3 Bg7 4. Nf3 d6 5. Bg5 O-O 6. e3 h6 7. Bh4 c5 8. Be2 g5 9. Bg3 Nh5 10. dxc5 Nxg3 11. hxg3 dxc5 12. Qc2 e6 13. Rd1 Qe7 14. g4 Nc6 15. a3 f5 16. gxf5 exf5 17. Nd5 Qf7 18. Bd3 Be6 19. g4 Rae8 20. Rd2 1/2-1/2

[Event "Clarin GP op"]
[Site "Villa Martelli"]
[Date "1997.??.??"]
[Round "7"]
[White "Slipak, Sergio"]
[Black "Fiorito, Fabian"]
[Result "1-0"]
[WhiteElo "2515"]
[BlackElo "2465"]
[PlyCount "61"]
[EventDate "1997.??.??"]
[Source "www.chesslib.no"]
[SourceDate "2004.05.04"]

1. d4 Nf6 2. Nf3 g6 3. c4 Bg7 4. Nc3 d6 5. Bg5 h6 6. Bh4 g5 7. Bg3 Nh5 8. e3 e6 9. Bd3 Nxg3 10. hxg3 Nc6 11. Nd2 Bd7 12. a3 Qe7 13. b4 a6 14. Rc1 O-O 15. g4 Rac8 16. O-O f5 17. b5 Nd8 18. gxf5 exf5 19. bxa6 bxa6 20. c5 dxc5 21. Nd5 Qe8 22. Bxa6 Rb8 23. Nxc7 Qg6 24. Rxc5 g4 25. Bd3 Kh8 26. Nc4 Nc6 27. Nd5 Qg5 28. g3 Nxd4 29. exd4 Bxd4 30. Rc7 Rbd8 31. Bxf5 1-0

[Event "Raipur IND"]
[Site "?"]
[Date "2002.03.??"]
[Round "7"]
[White "Ghaem Maghami Ehsan"]
[Black "Thipsay Praveen Mahadeo"]
[Result "1-0"]
[WhiteElo "2513"]
[BlackElo "2456"]
[PlyCount "95"]
[EventDate "2002.??.??"]
[Source "www.chesslib.no"]
[SourceDate "2004.05.04"]

1. c4 g6 2. d4 Bg7 3. Nc3 d6 4. Nf3 Nf6 5. Bg5 O-O 6. e3 Nbd7 7. Be2 c6 8. O-O Re8 9. Qc2 Nf8 10. Nd2 h6 11. Bh4 Bf5 12. Bd3 Bxd3 13. Qxd3 a6 14. f4 d5 15. Nf3 Qa5 16. c5 N6d7 17. a3 f5 18. h3 Qc7 19. b4 Bf6 20. g4 e6 21. Ra2 Bxh4 22. Nxh4 Qd8 23. Nf3 Kh7 24. Rg2 Re7 25. h4 Nf6 26. g5 hxg5 27. hxg5 N6d7 28. Kf2 Kg8 29. Rh2 Rh7 30. Rxh7 Nxh7 31. Rh1 Qe7 32. Rh6 Qg7 33. Rh1 Qe7 34. Na4 Re8 35. Qf1 Qg7 36. Nb2 Re7 37. Nd3 Qf8 38. Nde5 Nxe5 39. Nxe5 Qe8 40. Rh6 Rg7 41. Qh1 Kh8 42. a4 Kg8 43. Ke2 Kh8 44. Nxg6+ Qxg6 45. Rxg6 Rxg6 46. b5 cxb5 47. axb5 axb5 48. Qa1 1-0

[Event "XI Festival"]
[Site "Voronezh RUS"]
[Date "2007.06.15"]
[Round "4"]
[White "Shaposhnikov, E."]
[Black "Lutsko, I."]
[Result "1/2-1/2"]
[WhiteElo "2550"]
[BlackElo "2417"]
[PlyCount "103"]
[EventDate "2007.06.12"]
[Source "www.chesslib.no"]
[SourceDate "2004.05.04"]

1. Nf3 Nf6 2. c4 g6 3. Nc3 Bg7 4. d4 d6 5. Bg5 h6 6. Bh4 c5 7. e3 g5 8. Bg3 Nh5 9. Be2 cxd4 10. Nxd4 Nxg3 11. hxg3 Nc6 12. O-O O-O 13. Qd2 Bd7 14. Rfd1 a6 15. Rac1 Rc8 16. b3 Re8 17. Nxc6 Bxc6 18. Bg4 Rb8 19. Nd5 a5 20. Bf3 Rc8 21. Bg4 Rb8 22. Qe1 e6 23. Nc3 Re7 24. Ne2 Qc7 25. Nd4 Be8 26. Bf3 Qb6 27. Qd2 Rc7 28. Rc3 a4 29. Rd3 axb3 30. axb3 Ra8 31. g4 Rcc8 32. g3 Be5 33. Kg2 Ra3 34. Rh1 Kg7 35. Qc1 Rca8 36. Qg1 Bd7 37. Qh2 Rh8 38. Rb1 Ra2 39. Qh5 Qb4 40. Qh1 b5 41. Rc1 Rc8 42. cxb5 Rxc1 43. Qxc1 Bxb5 44. Nxb5 Qxb5 45. Qc4 Qxc4 46. bxc4 Rc2 47. Bd1 Rxc4 48. f4 Bb2 49. Rxd6 Rc3 50. Rd2 Bc1 51. Rc2 Rxc2+ 52. Bxc2 1/2-1/2

[Event "Top 16"]
[Site "Bastia"]
[Date "2004.10.31"]
[Round "1.3"]
[White "Bagheri, Amir"]
[Black "Strikovic, Aleksa"]
[Result "0-1"]
[WhiteElo "2496"]
[BlackElo "2470"]
[PlyCount "62"]
[EventDate "2004.10.31"]
[Source "Roberto Alvarez"]
[SourceDate "2004.11.08"]

1. d4 d6 2. Nf3 Nf6 3. c4 g6 4. Nc3 Bg7 5. Bg5 h6 6. Bh4 g5 7. Bg3 Nh5 8. e3 c5 9. Be2 Nc6 10. d5 Nxg3 11. hxg3 Ne5 12. Nxe5 Bxe5 13. Rc1 Qa5 14. a3 Bd7 15. Bh5 b5 16. O-O bxc4 17. Bg4 f5 18. Be2 Rb8 19. f4 gxf4 20. gxf4 Bf6 21. Rc2 Bxc3 22. Rxc3 Rxb2 23. Rc2 c3 24. Bh5+ Kd8 25. Qc1 Rxc2 26. Qxc2 Qxa3 27. Rb1 Kc7 28. Bd1 Rb8 29. Rc1 Rb2 30. Qd3 Rxg2+ 31. Kxg2 Qxc1 0-1

[Event "New York-ch 125th"]
[Site "Kerhonkson"]
[Date "2003.08.31"]
[Round "4"]
[White "Benjamin, Joel"]
[Black "Sarkar, Justin"]
[Result "1-0"]
[WhiteElo "2583"]
[BlackElo "2382"]
[PlyCount "119"]
[EventDate "2003.08.30"]
[Source "Roberto Alvarez"]
[SourceDate "2003.09.22"]

1. d4 Nf6 2. c4 g6 3. Nc3 Bg7 4. Bg5 d6 5. Nf3 h6 6. Bh4 g5 7. Bg3 Nh5 8. e3 c5 9. d5 Bxc3+ 10. bxc3 Qa5 11. Qb3 Nd7 12. Be2 Ndf6 13. Nd2 Kd8 14. O-O Kc7 15. e4 Nf4 16. Rfe1 Nd7 17. Bf1 Ne5 18. a4 Bd7 19. Reb1 Rab8 20. Qc2 Kc8 21. Nb3 Qc7 22. Qd2 Neg6 23. f3 h5 24. a5 h4 25. Bf2 f6 26. Be3 Be8 27. Kh1 Bf7 28. Rb2 Kd7 29. Rab1 Rhc8 30. Qf2 b6 31. Ra1 Rh8 32. Rba2 Rb7 33. axb6 axb6 34. Ra6 e5 35. R1a3 Ke7 36. Qa2 Qd7 37. Nd2 Nh5 38. Bd3 Qc7 39. Bc2 Be8 40. Ra7 Bd7 41. Rxb7 Qxb7 42. Ra7 Qb8 43. Qa6 Rc8 44. Rb7 Qa8 45. Rxb6 Qxa6 46. Rxa6 Ng7 47. Kg1 Ne8 48. Nb3 Nh8 49. Kf2 Nf7 50. Ra7 Kd8 51. Ke1 Rc7 52. Ra5 Bc8 53. Bd3 Rb7 54. Nxc5 dxc5 55. Bxc5 Rb2 56. Ra7 Nfd6 57. Bb4 Bd7 58. c5 Nc8 59. Rb7 Nc7 60. d6 1-0

[Event "Mataruska Banja"]
[Site "Mataruska Banja"]
[Date "1996.??.??"]
[Round "8"]
[White "Radulski, Julian"]
[Black "Dimitrov, Vladimir"]
[Result "0-1"]
[WhiteElo "2470"]
[BlackElo "2495"]
[PlyCount "64"]
[EventDate "1996.??.??"]
[Source "www.chesslib.no"]
[SourceDate "2004.05.04"]

1. d4 Nf6 2. c4 g6 3. Nc3 Bg7 4. Nf3 d6 5. Bg5 h6 6. Bh4 g5 7. Bg3 Nh5 8. e3 e6 9. Be2 Nd7 10. Qd3 O-O 11. Nd2 Nxg3 12. hxg3 f5 13. g4 Nf6 14. gxf5 exf5 15. O-O-O c6 16. f3 a6 17. Rdg1 b5 18. Bd1 Rb8 19. Bb3 Kh8 20. g4 Qb6 21. Bc2 Be6 22. gxf5 Bxc4 23. Nxc4 bxc4 24. Qxc4 Qxb2+ 25. Kd2 c5 26. Rb1 Qa3 27. Rxb8 Rxb8 28. dxc5 d5 29. Qd3 Qxc5 30. Kd1 Rd8 31. Ke2 Qa5 32. Kd1 Ne4 0-1

[Event "JUG-ch"]
[Site "Novi Sad"]
[Date "1985.??.??"]
[Round "?"]
[White "Kovacevic, Vlatko"]
[Black "Barlov, Dragan"]
[Result "1-0"]
[WhiteElo "2530"]
[BlackElo "2430"]
[PlyCount "81"]
[EventDate "1985.02.??"]
[Source "ChessBase"]

1. d4 d6 2. c4 g6 3. Nc3 Bg7 4. Nf3 Nf6 5. Bg5 h6 6. Bh4 g5 7. Bg3 Nh5 8. e3 Nd7 9. Qc2 e6 10. Be2 Ndf6 11. Nd2 Nxg3 12. hxg3 Qe7 13. Rd1 Bd7 14. b4 O-O 15. O-O Ne8 16. Bf3 Rb8 17. d5 e5 18. e4 g4 19. Be2 h5 20. Rfe1 Bh6 21. Nf1 Ng7 22. c5 f5 23. Bd3 f4 24. gxf4 Bxf4 25. Ne2 Rf6 26. cxd6 cxd6 27. Qc7 Re8 28. Qxb7 h4 29. Nxf4 Rxf4 30. Rc1 g3 31. fxg3 hxg3 32. Re3 Rxf1+ 33. Rxf1 Qh4 34. Rxg3 Qxg3 35. Qxd7 Qe3+ 36. Kh2 Qh6+ 37. Qh3 Qxh3+ 38. Kxh3 Rc8 39. Kg4 Rc3 40. Rf3 Ra3 41. Bb1 1-0

[Event "Lindsborg Open"]
[Site "Kansas"]
[Date "2003.12.19"]
[Round "1"]
[White "Agrest, Evgenij"]
[Black "Zilberstein, Dmitry"]
[Result "1-0"]
[WhiteElo "2605"]
[BlackElo "2355"]
[PlyCount "95"]
[EventDate "2003.12.19"]
[Source "Roberto Alvarez"]
[SourceDate "2003.12.22"]

1. c4 Nf6 2. Nc3 g6 3. d4 Bg7 4. Nf3 d6 5. Bg5 h6 6. Bh4 g5 7. Bg3 Nh5 8. e3 c5 9. d5 Qa5 10. Qd2 Nd7 11. Be2 Nxg3 12. fxg3 Bxc3 13. bxc3 g4 14. Nh4 Ne5 15. Rb1 Kd8 16. O-O Kc7 17. Rb3 Qa4 18. Qb2 Nxc4 19. Bxc4 Qxc4 20. Qd2 Qe4 21. Rxf7 Re8 22. Rf4 Qe5 23. Qd3 Bd7 24. Ng6 Qg7 25. Rf2 b6 26. Nf4 Qe5 27. e4 Rab8 28. Rb1 Rg8 29. Re1 Rb7 30. Qc2 b5 31. Nd3 Qg5 32. e5 Rbb8 33. exd6+ exd6 34. Nf4 Rge8 35. Rfe2 Rxe2 36. Rxe2 Qg7 37. a3 a5 38. Qd3 b4 39. Qa6 Rb6 40. Qa7+ Rb7 41. Qxa5+ Rb6 42. h4 gxh3 43. axb4 Qxc3 44. Re7 Qc1+ 45. Kh2 hxg2 46. Qa7+ Rb7 47. Ne6+ Kc8 48. Qa8+ 1-0